Statystyki dla Trudny test o piłce nożnej

Kliknij tutaj aby rozwiązać quiz!

Ogólne statystyki

  • Ten quiz został rozwiązany 502 razy
  • Średni wynik to 8 z 15

Statystyki odpowiedzi

PytanieOdpowiedź% Poprawnych
Najpopularniejsza piłkarska gra komputerowaFifa
85%
W tym klubie gra FabiańskiWest Ham
80%
Stadion Narodowy mieści się wWarszawie
79%
Obecny mistrz PolskiLegia Warszawa
76%
Kto organizuje przyszłoroczne mistrzostwa świataKatar
74%
Kto wygrał mistrzostwa Europy w 2021 rokuWłochy
74%
Kto wygrał puchar Niemiec w sezonie 2020/2021Borussia Dortmund
69%
Nazwa rozgrywek wprowadzonych w tym rokuLiga Konferencji
54%
Norweski napastnikErling Haaland
45%
Narodowość Naby KeityGwinea
36%
Pierwszy mistrz PolskiCracovia
34%
Najstarszy klub piłkarski na świecieSheffield
29%
Przeszedł z Barcelony do Atletico MadrytAntoine Griezmann
26%
Niespodziewany mistrz Anglii z 1995 rokuBlackburn
26%
Jaki klub najdłużej utrzymywał się w BundeslidzeHamburger SV
26%

Rozkład punktacji

Percentyl według liczby udzielonych odpowiedzi

Procent ludzi z każdym wynikiem

Twoja historia wyników

Nie rozwiązałeś tego quizu